01391nam a22003497a 4500003000500000005001700005008004100022010001000063011001000073035001000083040000900093082001600102100002500118245004800143260003500191300001000226490003900236500006800275590004100343590004100384590004100425590004200466650002900508830004600537901000700583942001000590949007100600949007100671999001700742952014100759952014100900CHAP20220329135105.0971013s1973 r 00010 d a30772 a31744 a35856 cCHAP a621.01bM3Y00aMark, Melvin.971431 aTermodinámicab: instrucción programada aBuenos Aires :bMarymar,c1973 a178 p aColección ciencia y tecnología ac.1 subs, por Vam Wylen Gardend. Fundamentos de termodinámica aBATCH-UPDb10c20130110lUCH01h1757 aBATCH-UPDb10c20130410lUCH01h1134 aBATCH-UPDb10c20130914lUCH01h1800 aCONVERSIONb10c20130109lUCH01h131714aTermodinámica.91123660 aColección ciencia y tecnología924735 aBK cLIBRO a621.01 M3YbBCcLIBROd33724000014791eLIBROfc.2h32566i35856si a621.01 M3YbBCcLIBROd33724000731683eLIBROfc.3h13131i35856si c30772d30772 00102ddc4052708GRALaBCbBCcPP_GRALd2019-12-31fLIBROl0o621.01 M3Yp33724000014791r2019-12-31 00:00:00tc.2w2019-12-31yLIBRO 00102ddc4052708GRALaBCbBCcPP_GRALd2019-12-31fLIBROl0o621.01 M3Yp33724000731683r2019-12-31 00:00:00tc.3w2019-12-31yLIBRO